00497nam a22001217a 4500008004100000040005500041080002300096245008900119260006700208500007200275650001700347653001100364230612b |||||||| |||| 00| 0 eng d aNational Science LibrarycNational Science Library aR 63(084.4) bK9.2 aWorld atlas of agriculture c/ International Association of Agricultural Economists  aNovara: bCommittee for the World Atlas of Agriculture, c1973 aVol. 2 (Asia and Oceania; xi, 671p.) Vol. 3 (Americas; viii, 497p.) aAgriculture  aAtlas